| 000 | 01096cam a22002534a 4500 | ||
|---|---|---|---|
| 001 | 13182462 | ||
| 005 | 20250122155956.0 | ||
| 008 | 030501s2004 enka b 001 0 eng | ||
| 020 | _a9781403915696 | ||
| 050 | 0 | 0 |
_aRA418.3.E85 _bC85 2004 |
| 082 | 0 | 0 |
_a306.4/61/094 _221 |
| 245 | 0 | 0 |
_aCultural approaches to the history of medicine : _bmediating medicine in early modern and modern Europe / _cedited by Willem de Blécourt and Cornelie Usborne. |
| 260 |
_aHampshire, Eng. ; _aNew York : _bPalgrave Macmillan, _c2004. |
||
| 300 |
_axxiii, 241 p. : _bill. ; _c23 cm. |
||
| 650 | 0 |
_aSocial medicine _zEurope _xHistory. |
|
| 650 | 0 |
_aMedicine _zEurope _xHistory. |
|
| 650 | 0 |
_aMedical care _zEurope _xHistory. |
|
| 700 | 1 | _aBlécourt, Willem de. | |
| 700 | 1 |
_aUsborne, Cornelie, _d1942- |
|
| 856 | 4 | 2 |
_3Contributor biographical information _uhttp://www.loc.gov/catdir/bios/hol053/2003046923.html |
| 856 | 4 | 1 |
_3Table of contents _uhttp://www.loc.gov/catdir/toc/hol051/2003046923.html |
| 856 | 4 | 2 |
_3Publisher description _uhttp://www.loc.gov/catdir/description/hol041/2003046923.html |
| 942 |
_2lcc _cBK _n0 |
||
| 999 |
_c2824 _d2824 |
||